[Event "ITA-chT (Women)"]
[Site "Bacoli"]
[Date "2023.04.30"]
[Round "6.4"]
[White "Scarpa, Alessandra"]
[Black "Di Primio, Eugenia"]
[Result "1/2-1/2"]
[WhiteElo "1803"]
[BlackElo "1881"]
[PlyCount "34"]
[EventDate "2023.04.25"]
[EventType "team-tourn"]
[EventRounds "7"]
[EventCountry "ITA"]
[SourceTitle "CBM 214 Extra"]
[Source "ChessBase"]
[SourceDate "2023.07.31"]
[SourceVersion "1"]
[SourceVersionDate "2023.07.31"]
[SourceQuality "1"]

1. d4 f5 2. Nf3 Nf6 3. c4 g6 4. Nc3 Bg7 5. e3 d6 6. Qc2 Nc6 7. d5 Ne5 8. Nd4 Bd7 9. Be2 c5 10. Nf3 0-0 11. 0-0 h6 12. Nh4 Be8 13. f4 Ned7 14. Nf3 Bf7 15. Rd1 Nb6 16. a4 a5 17. Nb5 Be8 1/2-1/2

[Event "ITA-chT (Women)"]
[Site "Bacoli"]
[Date "2023.04.28"]
[Round "3.3"]
[White "Costantino, Gaia"]
[Black "Di Primio, Eugenia"]
[Result "1-0"]
[WhiteElo "1515"]
[BlackElo "1881"]
[PlyCount "65"]
[EventDate "2023.04.25"]
[EventType "team-tourn"]
[EventRounds "7"]
[EventCountry "ITA"]
[SourceTitle "CBM 214 Extra"]
[Source "ChessBase"]
[SourceDate "2023.07.31"]
[SourceVersion "1"]
[SourceVersionDate "2023.07.31"]
[SourceQuality "1"]

1. e4 e5 2. Nf3 Nc6 3. Bc4 Bc5 4. c3 Nf6 5. d4 exd4 6. cxd4 Bb4+ 7. Bd2 Bxd2+ 8. Nbxd2 d5 9. exd5 Nxd5 10. 0-0 0-0 11. Rc1 Nce7 12. Ne4 Bf5 13. Re1 h6 14. Ne5 f6 15. Nf3 Kh8 16. Nc5 b6 17. Ne6 Bxe6 18. Rxe6 Nf4 19. Re4 Neg6 20. Re1 Qd7 21. h3 Qf5 22. Bb3 Nxh3+ 23. gxh3 Qxh3 24. Re3 Qg4+ 25. Kh1 Rfe8 26. Qg1 Qh5+ 27. Qh2 Qf5 28. Rxe8+ Rxe8 29. Qg3 Nf4 30. Rg1 g5 31. Qg4 Qb5 32. Nh4 Nd3 33. Qh5 1-0

[Event "ITA-chT (Women) 10th"]
[Site "Gallipoli"]
[Date "2017.04.30"]
[Round "6.1"]
[White "Di Primio, Eugenia"]
[Black "Goi, Veronika"]
[Result "1/2-1/2"]
[WhiteElo "1953"]
[BlackElo "1898"]
[PlyCount "102"]
[EventDate "2017.04.28"]
[EventType "team-tourn"]
[EventRounds "7"]
[EventCountry "ITA"]
[SourceTitle "CBM 178 Extra"]
[Source "ChessBase"]
[SourceDate "2017.06.22"]
[SourceVersion "1"]
[SourceVersionDate "2017.06.22"]
[SourceQuality "1"]
[WhiteTeam "Chieti Fischer (W)"]
[BlackTeam "Padova Obiettivo (W)"]
[WhiteTeamCountry "ITA"]
[BlackTeamCountry "ITA"]

1. f4 d5 2. Nf3 c5 3. g3 Nc6 4. Bg2 Nf6 5. d3 Qc7 6. Na3 Bg4 7. 0-0 a6 8. c4 Rd8 9. cxd5 Nxd5 10. Nc4 Bxf3 11. Bxf3 h5 12. h3 g5 13. e4 Ndb4 14. Bxh5 Rxd3 15. Qg4 Qd7 16. Qxd7+ Kxd7 17. Bg4+ Ke8 18. Kg2 Rd4 19. b3 b5 20. Nb6 gxf4 21. Bxf4 e5 22. Bg5 Bh6 23. Bf6 Rg8 24. Rad1 Rg6 25. Bd7+ Kf8 26. Bxc6 Nxc6 27. Nd7+ Ke8 28. Rxd4 cxd4 29. Nxe5 Nxe5 30. Bxe5 d3 31. Rd1 d2 32. Kf3 Rc6 33. Bf4 Rc3+ 34. Ke2 Bxf4 35. gxf4 Rxh3 36. Rxd2 Ke7 37. Kf2 Rc3 38. Ke2 Rh3 39. Kf2 Rc3 40. Kg2 Re3 41. e5 Rc3 42. Kf2 Rh3 43. Ke2 Rc3 44. Kf1 Rc1+ 45. Kg2 Rc3 46. Rf2 Ke6 47. Rf3 Rc2+ 48. Rf2 Rc3 49. Rf3 Rc2+ 50. Rf2 Rc3 51. Rf3 Rc2+ 1/2-1/2

[Event "Verona op-A"]
[Site "Verona"]
[Date "2017.01.04"]
[Round "4"]
[White "Di Primio, Eugenia"]
[Black "Zenari, Marco"]
[Result "1-0"]
[WhiteElo "1908"]
[BlackElo "2024"]
[PlyCount "37"]
[EventDate "2017.01.02"]
[EventType "swiss"]
[EventRounds "7"]
[EventCountry "ITA"]
[SourceTitle "CBM 176 Extra"]
[Source "ChessBase"]
[SourceDate "2017.03.02"]
[SourceVersion "1"]
[SourceVersionDate "2017.03.02"]
[SourceQuality "1"]

1. e4 c5 2. Nc3 d6 3. f4 g6 4. Nf3 Bg7 5. Bc4 Nc6 6. 0-0 e6 7. d3 Nge7 8. Qe1 Nd4 9. Qf2 Nec6 10. f5 gxf5 11. Kh1 Nxf3 12. Qxf3 Nd4 13. Qh5 Bd7 14. exf5 d5 15. fxe6 Bxe6 16. Bxd5 Qd7 17. Bxe6 Nxe6 18. Ne4 Rg8 19. Rxf7 1-0

[Event "EU-Cup (Women) 18th"]
[Site "Rhodes"]
[Date "2013.10.21"]
[Round "2.4"]
[White "Di Primio, Eugenia"]
[Black "Savina, Anastasia"]
[Result "0-1"]
[WhiteElo "1982"]
[BlackElo "2403"]
[PlyCount "88"]
[EventDate "2013.10.20"]
[EventType "team-swiss"]
[EventRounds "7"]
[EventCountry "GRE"]
[SourceTitle "EXT 2014"]
[Source "ChessBase"]
[SourceDate "2013.11.20"]
[SourceVersion "1"]
[SourceVersionDate "2013.11.20"]
[SourceQuality "1"]
[WhiteTeam "Chieti (W)"]
[BlackTeam "Nashe Nasledie (W)"]
[WhiteTeamCountry "ITA"]
[BlackTeamCountry "RUS"]

1. e4 c5 2. Nc3 Nc6 3. g3 g6 4. Bg2 Bg7 5. d3 d6 6. Be3 Rb8 7. Nge2 Nd4 8. 0-0 b5 9. Qd2 b4 10. Nd1 e6 11. Bxd4 cxd4 12. b3 Ne7 13. Nb2 0-0 14. a3 a5 15. axb4 axb4 16. Ra4 Bd7 17. Ra2 Bb5 18. Rfa1 Nc6 19. Nc4 Bxc4 20. bxc4 b3 21. cxb3 Rxb3 22. Nc1 Rb8 23. h3 h5 24. f4 e5 25. Ne2 Bh6 26. Rf1 Rb3 27. Qd1 Qb6 28. Ra6 Qxa6 29. Qxb3 Rb8 30. Qc2 Qa3 31. Nc1 Rb2 32. Qd1 Rb1 33. Qc2 Ra1 34. Qb3 Qxb3 35. Nxb3 Ra3 36. Rb1 exf4 37. g4 hxg4 38. hxg4 Ne5 39. Nxd4 Rxd3 40. Rb8+ Kg7 41. Nb5 f3 42. Bf1 Be3+ 43. Kh2 Rd2+ 44. Kg3 g5 0-1

[Event "Montesilvano Adriatico op 3rd"]
[Site "Montesilvano"]
[Date "2013.09.20"]
[Round "1"]
[White "Altini, Nicola"]
[Black "Di Primio, Eugenia"]
[Result "1-0"]
[WhiteElo "2382"]
[BlackElo "1978"]
[PlyCount "49"]
[EventDate "2013.09.20"]
[EventType "swiss"]
[EventRounds "5"]
[EventCountry "ITA"]
[SourceTitle "EXT 2015"]
[Source "ChessBase"]
[SourceDate "2014.11.20"]
[SourceVersion "1"]
[SourceVersionDate "2014.11.20"]
[SourceQuality "1"]

1. d4 f5 2. Bg5 g6 3. h4 Bg7 4. Nc3 Nf6 5. h5 d5 6. h6 Bf8 7. Nf3 Nc6 8. e3 a6 9. Ne5 e6 10. g4 Be7 11. gxf5 exf5 12. Bxf6 Bxf6 13. Nd3 Ne7 14. Qf3 c6 15. 0-0-0 Qc7 16. Kb1 Bd7 17. Nc5 0-0-0 18. N3a4 Qa5 19. Be2 Rhe8 20. Rd3 b5 21. Ra3 bxa4 22. Rxa4 Qxa4 23. Nxa4 Kb7 24. Nc5+ Ka7 25. Qf4 1-0

[Event "Mare di Fano op 2nd"]
[Site "Fano"]
[Date "2013.08.02"]
[Round "6"]
[White "Di Primio, Eugenia"]
[Black "Drazic, Sinisa"]
[Result "0-1"]
[WhiteElo "1943"]
[BlackElo "2464"]
[PlyCount "82"]
[EventDate "2013.07.29"]
[EventType "swiss"]
[EventRounds "9"]
[EventCountry "ITA"]
[SourceTitle "EXT 2015"]
[Source "ChessBase"]
[SourceDate "2014.11.20"]
[SourceVersion "1"]
[SourceVersionDate "2014.11.20"]
[SourceQuality "1"]

1. e4 Nf6 2. e5 Nd5 3. d4 d6 4. c4 Nb6 5. exd6 cxd6 6. Nc3 g6 7. Be3 Bg7 8. Nf3 0-0 9. Be2 Bg4 10. b3 Nc6 11. Qd2 d5 12. c5 Nc8 13. h3 Bxf3 14. Bxf3 e6 15. 0-0 N8e7 16. Rad1 Nf5 17. Ne2 Nh4 18. Bg4 h5 19. Bg5 Bf6 20. Bxh4 Bxh4 21. Bf3 b6 22. b4 Bg5 23. Qb2 bxc5 24. b5 Nxd4 25. Nxd4 cxd4 26. Qxd4 Qb6 27. h4 Bh6 28. Be2 Rac8 29. Qb2 Rc7 30. Bd3 Rfc8 31. g3 Bg7 32. Qd2 Rc3 33. Kg2 Qd4 34. Qe2 Qf6 35. Rd2 Ra3 36. Rc2 Rxc2 37. Qxc2 Qc3 38. Qxc3 Bxc3 39. Rc1 Bd4 40. Rc8+ Kg7 41. Bb1 Ra5 0-1

[Event "EU-Cup (Women) 16th"]
[Site "Rogaska Slatina"]
[Date "2011.09.29"]
[Round "5.5"]
[White "Di Primio, Eugenia"]
[Black "Reppen, Ellisiv"]
[Result "1-0"]
[WhiteElo "1974"]
[BlackElo "1969"]
[PlyCount "85"]
[EventDate "2011.09.25"]
[EventType "team-swiss"]
[EventRounds "7"]
[EventCountry "SLO"]
[SourceTitle "CBM 144 Extra"]
[Source "ChessBase"]
[SourceDate "2011.10.28"]
[SourceVersion "1"]
[SourceVersionDate "2011.10.28"]
[SourceQuality "1"]
[WhiteTeam "Chieti Fischer (W)"]
[BlackTeam "Oslo Schakselskap (W)"]
[WhiteTeamCountry "ITA"]
[BlackTeamCountry "NOR"]

1. e4 e5 2. Nf3 Nc6 3. Bc4 Bc5 4. 0-0 Nf6 5. d4 Bxd4 6. Nxd4 Nxd4 7. f4 Nc6 8. Bxf7+ Kxf7 9. fxe5 Nxe5 10. Qd5+ Kf8 11. Qxe5 d6 12. Qd4 Qe7 13. Bg5 Kf7 14. Nc3 c6 15. Rad1 Qe5 16. Bxf6 gxf6 17. Qxd6 Qxd6 18. Rxd6 Be6 19. e5 f5 20. Ne4 Rhg8 21. Nc5 Rg6 22. Nxe6 Rxe6 23. Rxf5+ Ke7 24. Rd3 Rg8 25. Rdf3 Rg7 26. Kf2 Reg6 27. g3 Rg4 28. R3f4 Ke6 29. Kf3 R4g5 30. Ke4 h5 31. Rf6+ Ke7 32. c4 Rg4 33. Rh6 Rxf4+ 34. gxf4 Rg2 35. Rh7+ Kf8 36. Kf5 Rxh2 37. Kg6 h4 38. e6 Kg8 39. f5 Rg2+ 40. Kh6 h3 41. e7 Re2 42. f6 Re6 43. Kg6 1-0

[Event "EU-Cup (Women) 15th"]
[Site "Plovdiv"]
[Date "2010.10.18"]
[Round "2.4"]
[White "Kralova, Katarina"]
[Black "Di Primio, Eugenia"]
[Result "1-0"]
[WhiteElo "1861"]
[BlackElo "1984"]
[PlyCount "69"]
[EventDate "2010.10.17"]
[EventType "team-swiss"]
[EventRounds "7"]
[EventCountry "BUL"]
[SourceTitle "CBM 138 Extra"]
[Source "ChessBase"]
[SourceDate "2010.10.29"]
[SourceVersion "1"]
[SourceVersionDate "2010.10.29"]
[SourceQuality "1"]
[WhiteTeam "Komarno (W)"]
[BlackTeam "Chieti Fischer (W)"]
[WhiteTeamCountry "SVK"]
[BlackTeamCountry "ITA"]

1. d4 f5 2. c4 g6 3. Nc3 Nf6 4. Nf3 Bg7 5. e3 d6 6. Be2 0-0 7. Qc2 Nc6 8. a3 e5 9. d5 Nb8 10. b4 h6 11. Bb2 Nbd7 12. Rd1 a5 13. Nb5 Ne4 14. 0-0 g5 15. h3 Ndf6 16. c5 Bd7 17. c6 bxc6 18. dxc6 g4 19. Nxe5 Be6 20. Ng6 Re8 21. Nf4 Bf7 22. Bxf6 Bxf6 23. hxg4 axb4 24. axb4 fxg4 25. Bc4 Bg7 26. Bxf7+ Kxf7 27. Qc4+ Kf6 28. Nd5+ Kg6 29. Nbxc7 Qh4 30. Nxe8 Rxe8 31. Nf4+ Kh7 32. Ne6 Be5 33. Qxe4+ Kh8 34. Nf4 Rg8 35. g3 1-0

[Event "EU-Cup (Women) 15th"]
[Site "Plovdiv"]
[Date "2010.10.17"]
[Round "1.4"]
[White "Di Primio, Eugenia"]
[Black "Bodnaruk, Anastasia"]
[Result "0-1"]
[WhiteElo "1984"]
[BlackElo "2399"]
[PlyCount "76"]
[EventDate "2010.10.17"]
[EventType "team-swiss"]
[EventRounds "7"]
[EventCountry "BUL"]
[SourceTitle "CBM 138 Extra"]
[Source "ChessBase"]
[SourceDate "2010.10.29"]
[SourceVersion "1"]
[SourceVersionDate "2010.10.29"]
[SourceQuality "1"]
[WhiteTeam "Chieti Fischer (W)"]
[BlackTeam "St Petersburg CC (W)"]
[WhiteTeamCountry "ITA"]
[BlackTeamCountry "RUS"]

1. e4 c5 2. Nc3 d6 3. f4 Nc6 4. Nf3 g6 5. Bb5 Bg7 6. Bxc6+ bxc6 7. d3 Nf6 8. 0-0 0-0 9. Qe1 Rb8 10. Rb1 Ne8 11. b3 Nc7 12. Nd1 f6 13. Ne3 f5 14. exf5 Bxf5 15. Nxf5 Rxf5 16. Nh4 Rf8 17. Bb2 Bxb2 18. Rxb2 e6 19. g3 Qf6 20. Rb1 Nb5 21. Qe3 Nc3 22. Rbe1 Rbe8 23. a4 Nd5 24. Qd2 Ne7 25. Nf3 Nf5 26. Ng5 h6 27. Ne4 Qd8 28. Rf2 Kg7 29. Qc3+ Kh7 30. g4 Nd4 31. g5 hxg5 32. Nxg5+ Kg8 33. Qd2 e5 34. fxe5 Rxf2 35. Kxf2 dxe5 36. h4 Rf8+ 37. Kg3 Qf6 38. Qe3 Nf5+ 0-1

[Event "ITA-chT2"]
[Site "Arvier"]
[Date "2008.05.03"]
[Round "3"]
[White "Chiarion, Elisa"]
[Black "Di Primio, Eugenia"]
[Result "1/2-1/2"]
[WhiteElo "1897"]
[BlackElo "1992"]
[PlyCount "134"]
[EventDate "2008.05.02"]
[EventType "team"]
[EventRounds "5"]
[EventCountry "ITA"]
[SourceTitle "CBM 124 Extra"]
[Source "ChessBase"]
[SourceDate "2008.07.03"]
[SourceVersion "1"]
[SourceVersionDate "2008.07.03"]
[SourceQuality "1"]

1. e4 e5 2. Nf3 Nc6 3. Bc4 Bc5 4. c3 Nf6 5. d3 d6 6. 0-0 a6 7. Bb3 Ba7 8. Nbd2 0-0 9. Re1 Ne7 10. Nf1 Ng6 11. d4 Bg4 12. d5 Qe8 13. h3 Bd7 14. Ng3 Qc8 15. Bc2 a5 16. c4 h6 17. Ba4 Ne7 18. Bxd7 Qxd7 19. Nh4 Kh7 20. Qf3 Nfg8 21. Nhf5 Nxf5 22. exf5 Qe7 23. Ne4 Bd4 24. f6 Nxf6 25. Qf5+ Kh8 26. Nxf6 Qxf6 27. Qxf6 gxf6 28. Bxh6 Rg8 29. Re4 Rg6 30. Rh4 Kg8 31. Kf1 f5 32. Bd2 b6 33. Rb1 f4 34. b3 Kg7 35. Rd1 Bc5 36. Bc3 f6 37. Rd3 Re8 38. Rf3 Bb4 39. Bb2 Bd2 40. Rd3 Bb4 41. Rf3 Bd2 42. Rd3 Bb4 43. Rf3 Bc5 44. Bc3 Ba3 45. Bd2 Bb2 46. Kg1 Bd4 47. Kf1 Re7 48. Rg4 Rxg4 49. hxg4 Kg6 50. g3 fxg3 51. Rxg3 Rh7 52. Kg2 e4 53. Rh3 Rxh3 54. Kxh3 Bxf2 55. Kg2 Bh4 56. Be3 Bg5 57. Bd4 Bf4 58. Bc3 Kg5 59. Kh3 Be3 60. Kg3 Bf4+ 61. Kh3 Be3 62. Kg3 Bc5 63. Bd2+ e3 64. Bc1 Bd4 65. Kf3 Bc5 66. Kg3 Bd4 67. Kf3 Bc5 1/2-1/2